Т. 317, № 2 : Математика и механика. Физика; Известия Томского политехнического университета [Известия ТПУ]
| Parent link: | Известия Томского политехнического университета [Известия ТПУ]/ Томский политехнический университет (ТПУ). Т. 317, № 2 : Математика и механика. Физика.— , 2000- |
|---|---|
| Idioma: | ruso |
| Publicado: |
2010
|
| Subjects: |
Саруев
> Л. А.
> физик
> профессор Томского политехнического университета
> 1940-
> Лев Алексеевич
> Томск
Рябчиков
> А. И.
> физик
> профессор Томского политехнического университета, доктор физико-математических наук
> 1950-
> Александр Ильич
> Томск
> TPU
|
| Formato: | MixedMaterials Libro |
| KOHA link: | https://koha.lib.tpu.ru/cgi-bin/koha/opac-detail.pl?biblionumber=188854 |
MARC
| LEADER | 00000nam2a2200000 4500 | ||
|---|---|---|---|
| 001 | 188854 | ||
| 005 | 20231208103323.0 | ||
| 035 | |a (RuTPU)RU\TPU\book\205139 | ||
| 035 | |a RU\TPU\book\196538 | ||
| 090 | |a 188854 | ||
| 100 | |a 20100604d2010 k y0rusy50 ca | ||
| 101 | 0 | |a rus | |
| 102 | |a RU | ||
| 105 | |a a z 001zd | ||
| 200 | 0 | |a Т. 317, № 2 : Математика и механика. Физика | |
| 210 | |d 2010 | ||
| 215 | |a 200 с. |c ил. | ||
| 320 | |a Библиография в конце статей | ||
| 461 | 1 | |0 (RuTPU)RU\TPU\book\176237 |t Известия Томского политехнического университета [Известия ТПУ] |f Томский политехнический университет (ТПУ) |v Т. 317, № 2 : Математика и механика. Физика |d 2000- | |
| 600 | 1 | |a Саруев |b Л. А. |c физик |c профессор Томского политехнического университета |f 1940- |g Лев Алексеевич |y Томск |2 stltpush |3 (RuTPU)RU\TPU\pers\19862 | |
| 600 | 1 | |a Рябчиков |b А. И. |c физик |c профессор Томского политехнического университета, доктор физико-математических наук |f 1950- |g Александр Ильич |y Томск |x TPU |2 stltpush |3 (RuTPU)RU\TPU\pers\22006 | |
| 600 | 1 | |a Ивлев |b Е. Т. |c российский математик |c профессор кафедры высшей математики Томского политехнического института |f 1935- |g Евгений Тихонович |y Томск |2 stltpush |3 (RuTPU)RU\TPU\pers\19793 | |
| 601 | 0 | 2 | |a Национальный исследовательский Томский политехнический университет (НИ ТПУ) |c (2009- ) |2 stltpush |3 (RuTPU)RU\TPU\col\15902 |
| 606 | 1 | |a Высшие технические учебные заведения |2 stltpush |3 (RuTPU)RU\TPU\subj\3996 |9 32316 | |
| 606 | |a Научно-технический потенциал |2 stltpush |3 (RuTPU)RU\TPU\subj\45166 |9 64427 | ||
| 610 | 1 | |a научно-технические исследования | |
| 610 | 1 | |a математика | |
| 610 | 1 | |a механика | |
| 610 | 1 | |a физика | |
| 610 | 1 | |a евклидовы пространства | |
| 610 | 1 | |a системы обыкновенных дифференциальных уравнений | |
| 610 | 1 | |a неявные методы | |
| 610 | 1 | |a прецизионные винтовые механизмы | |
| 610 | 1 | |a центрифугирование | |
| 610 | 1 | |a эхо-импульсы | |
| 610 | 1 | |a порошковые композиционные материалы | |
| 610 | 1 | |a внутритрубные объекты | |
| 610 | 1 | |a вибродиагностическое сопровождение | |
| 610 | 1 | |a азид серебра | |
| 610 | 1 | |a приземная атмосфера | |
| 610 | 1 | |a ионизация | |
| 610 | 1 | |a труды учёных ТПУ | |
| 675 | |a 62 |v 3 | ||
| 686 | |a Ч484(2)72 |2 rubbk | ||
| 801 | 1 | |a RU |b 63413507 |c 20101215 | |
| 801 | 2 | |a RU |b 63413507 |c 20221209 |g RCR | |
| 942 | |c CR | ||